The alphabetic labyrinth : (Record no. 1030)

000 -LEADER
fixed length control field 01250nam a22003977a 4500
001 - CONTROL NUMBER
control field 2053577
003 - CONTROL NUMBER IDENTIFIER
control field OSt
005 - DATE AND TIME OF LATEST TRANSACTION
control field 20210426120254.0
008 - FIXED-LENGTH DATA ELEMENTS--GENERAL INFORMATION
fixed length control field 931008s1995 nyuah b 001 0 eng d
010 ## - LIBRARY OF CONGRESS CONTROL NUMBER
LC control number 93061369
020 ## - INTERNATIONAL STANDARD BOOK NUMBER
International Standard Book Number 0500016089
035 ## - SYSTEM CONTROL NUMBER
System control number (OCoLC)32532347
040 ## - CATALOGING SOURCE
Original cataloging agency MNoW
Transcribing agency MNoW
Modifying agency IU
-- DLC
Language of cataloging eng
041 ## - LANGUAGE CODE
Language code of text/sound track or separate title eng
042 ## - AUTHENTICATION CODE
Authentication code lccopycat
050 04 - LIBRARY OF CONGRESS CALL NUMBER
Classification number P211
Item number .D75 1995
080 ## - UNIVERSAL DECIMAL CLASSIFICATION NUMBER
Universal Decimal Classification number 811
Item number D-83
082 00 - DEWEY DECIMAL CLASSIFICATION NUMBER
Classification number 411
Edition number 20
100 1# - MAIN ENTRY--PERSONAL NAME
Personal name Drucker, Johanna,
Dates associated with a name 1952-
245 14 - TITLE STATEMENT
Title The alphabetic labyrinth :
Remainder of title the letters in history and imagination /
Statement of responsibility, etc. / by: Thames and Hudson
260 ## - PUBLICATION, DISTRIBUTION, ETC.
Place of publication, distribution, etc. New York, N.Y. :
Name of publisher, distributor, etc. Thames and Hudson
Date of publication, distribution, etc. c1995.
300 ## - PHYSICAL DESCRIPTION
Extent 320 p.
Other physical details ill., facsims.
Dimensions 27 cm.
365 ## - TRADE PRICE
Price amount 45 usd
500 ## - GENERAL NOTE
General note Includes index.
504 ## - BIBLIOGRAPHY, ETC. NOTE
Bibliography, etc. note Bibliography: p. 312-315.
650 #0 - SUBJECT ADDED ENTRY--TOPICAL TERM
Topical term or geographic name entry element Alphabet
General subdivision History.
650 #0 - SUBJECT ADDED ENTRY--TOPICAL TERM
Topical term or geographic name entry element Linguistics
9 (RLIN) 445
650 #0 - SUBJECT ADDED ENTRY--TOPICAL TERM
Topical term or geographic name entry element Alphabets.
653 ## - INDEX TERM--UNCONTROLLED
Uncontrolled term ლინგვისტიკა
653 ## - INDEX TERM--UNCONTROLLED
Uncontrolled term ანბანი
653 ## - INDEX TERM--UNCONTROLLED
Uncontrolled term ისტორია
906 ## - LOCAL DATA ELEMENT F, LDF (RLIN)
a 7
b cbc
c copycat
d 2
e opcn
f 19
g y-gencatlg
942 ## - ADDED ENTRY ELEMENTS (KOHA)
Source of classification or shelving scheme
Koha item type Books
Holdings
Withdrawn status Lost status Source of classification or shelving scheme Damaged status Not for loan Permanent location Current location Date acquired Inventory number Total Checkouts Full call number Barcode Date last seen Price effective from Koha item type
          Ken Walker International University Ken Walker International University 01/28/2021 2551   811 D-83 2551 01/28/2021 01/28/2021 Books

Powered by Koha